| 000 | 00629cam a2200217 a 4500 | ||
|---|---|---|---|
| 001 | 3331131 | ||
| 005 | 20180214032739.0 | ||
| 008 | 850108s1985 nyu 001 0 eng | ||
| 010 | _a 85000616 | ||
| 020 |
_a0471810266 : _c$10.95 (est.) |
||
| 040 |
_aDLC _cDLC _dDLC |
||
| 041 | _aeng | ||
| 043 | _an-us--- | ||
| 080 | _a658.400973 MIL | ||
| 082 | 0 | 0 |
_a658.400973 MIL _219 |
| 100 | 1 | _a54 | |
| 101 | _aLID | ||
| 245 | 1 | 4 |
_aThe new competitors : _cD. Quinn Mills. |
| 906 |
_a7 _bcbc _corignew _d1 _eocip _f19 _gy-gencatlg |
||
| 942 |
_2ddc _cBK |
||
| 999 |
_c42437 _d42437 |
||